Indicko-tichomorský región a jeho význam pre medzinárodný obchod bakalárska práca

Salvato in:
Dettagli Bibliografici
Autore principale: Krošláková, Monika, 1975-
Ente Autore: Obchodná fakulta EU. Katedra medzinárodného obchodu
Altri autori: Drieniková, Kristína, 1982-
Natura: Libro
Lingua:slovacco
Pubblicazione: Bratislava 2023
Tags: Aggiungi Tag
Nessun Tag, puoi essere il primo ad aggiungerne!!

MARC

LEADER 00000nbm a2200000 4500
001 0294818
005 20240627114400.4
041 0 |a slo 
044 |a SK 
245 1 0 |a Indicko-tichomorský región a jeho význam pre medzinárodný obchod  |b bakalárska práca  |c Monika Krošláková ; školiteľ: Kristína Drieniková 
264 1 |a Bratislava  |c 2023 
300 |a 51 s. 
100 1 |a Krošláková, Monika, 1975- 
700 1 |a Drieniková, Kristína, 1982- 
710 2 |a Obchodná fakulta EU. Katedra medzinárodného obchodu